Institutionum Juris Canonici Sive Primorum totius Sacrae Juris-prudentiae Elementorum Libri Quatuor ; Honori Admodum Reverendorum, Ac Clarissimorum Dominorum SS. Theologiae Doctorum Per Reverendum Patrem Joannem Kazy, é S. J. SS. Theologiae Doctorem, ejusdémque Professorem Ordinarium, Inclytae Facultatis Theologicae Decanum Spectabilem, In Academica S. J. Basilica Divi Joannis Baptistae Tyrnaviae 7. Augusti Anno M.D.CC.XXVII. Recens creatorum, A SS. Theologiae Auditoribus Oblati

Bibliographic Details
Main Author: Foebeo, Francesco Antonio, 1652-1706 (Author)
Corporate Author: Akademická tlačiareň (Trnava, Slovensko) (Printer)
Format: Book
Language:Latin
PhysicalDescription:[15], 608, [16] s. 13 cm
Published: Tyrnaviae Typis Academicis per Fridericum Gall 1727
Subjects:

MARC

LEADER 00000cam a22000005a 4500
001 vtls001352733
003 SK-MaSNL
005 20260301010407.0
008 240226s1727 xo 000 0 lat
015 |a SNBHFA 
035 |a SNK000306120 
035 |a urn:nbn:sk:snk-am3ilnp 
035 |a EBE67F86-C4FF-4F4B-8E36-CEE0FC863662 
035 |a urn:nbn:sk:snk-am00eohj 
040 |a SNK  |b slo  |c SNK  |e AACR2 
041 |a lat 
044 |a xo  |c SK 
072 7 |a 2-74  |x Náboženské právo. Cirkevné právo  |2 konspekt 
080 |a 348  |2 2011 
100 1 |a Foebeo, Francesco Antonio,  |d 1652-1706  |4 aut  |9 292127 
245 1 0 |a Institutionum Juris Canonici Sive Primorum totius Sacrae Juris-prudentiae Elementorum Libri Quatuor ; Honori Admodum Reverendorum, Ac Clarissimorum Dominorum SS. Theologiae Doctorum Per Reverendum Patrem Joannem Kazy, é S. J. SS. Theologiae Doctorem, ejusdémque Professorem Ordinarium, Inclytae Facultatis Theologicae Decanum Spectabilem, In Academica S. J. Basilica Divi Joannis Baptistae Tyrnaviae 7. Augusti Anno M.D.CC.XXVII. Recens creatorum, A SS. Theologiae Auditoribus Oblati  |c Authore R. P. Francisco Antonio Phoebeo é S.J. Honori Admodum Reverendorum, Ac Clarissimorum Dominorum SS. Theologiae Doctorum. 
260 |a Tyrnaviae  |b Typis Academicis per Fridericum Gall  |c 1727 
300 |a [15], 608, [16] s.  |c 13 cm 
500 |a Vinety. Ozdobné linky. Ozdobné iniciály. Zložky. Kustody 
504 |a Predslov. Venovanie. Živé záhlavie. Register 
508 |a Zoznam doktorandov: Alexander Fonyó, Casparus Pongrácz, Franciscus Makay, Georgius Horváth, Georgius Rummer, Ignatius Perger, Joannes Borsay, Joannes Jancsovics, Joannes Nedves, Joannes Reginaldus, Josephus Paál, Ladislaus Partlin, Martinus Putsch, Mathias Laczko, Michael Kiovszki, Stephanus Lenthy, Stephanus Zalczpangh 
510 4 |a Bibliografia 18. storočia  |c 2856 
650 0 7 |a cirkevné právo  |2 SNKPH  |9 978 
700 1 |a Gall, Fridrich Anton,  |d činný 18. storočie  |4 bkp  |9 168309 
700 1 |a Kazi, Ján,  |d 1686-1759  |4 oth  |9 134086 
700 1 |a Fonyó, Alexander  |4 oth  |9 287455 
700 1 |a Pongrácz, Casparus  |4 oth  |9 292128 
700 1 |a Makay, Franciscus  |4 oth  |9 292129 
700 1 |a Horváth, Georgius  |4 oth  |9 281762 
700 1 |a Rummer, Georgius  |4 oth  |9 292130 
700 1 |a Perger, Ignatius  |4 oth  |9 287462 
700 1 |a Borsay, Joannes  |4 oth  |9 287464 
700 1 |a Jancsovics, Joannes  |4 oth  |9 292131 
700 1 |a Nedves, Joannes  |4 oth  |9 287465 
700 1 |a Reginaldus, Joannes  |4 oth  |9 292132 
700 1 |a Paál, Josephus  |4 oth  |9 287466 
700 1 |a Partlin, Ladislaus  |4 oth  |9 292133 
700 1 |a Putsch, Martinus  |4 oth  |9 292134 
700 1 |a Laczko, Mathias  |4 oth  |9 292135 
700 1 |a Kiovszki, Michael  |4 oth  |9 292136 
700 1 |a Lenthy, Stephanus  |4 oth  |9 292137 
700 1 |a Zalczpangh, Stephanus  |4 oth  |9 292138 
710 2 |a Akademická tlačiareň (Trnava, Slovensko)  |4 prt  |9 232890 
752 |a Slovensko  |d Trnava 
852 |a snk  |p SE 2231 
958 |a ONDV 
958 |a DD 
999 |c 548009  |d 549939 
952 |a SNK  |b SNK  |y PREZ  |7 0  |p 17A0176496  |o snkSE 2231  |i snkKSF 404/58  |8 5  |0 0  |1 0  |4 0  |d 1999-01-18  |f 1  |l 0  |r 2005-01-02 00:00:00  |w 2026-02-23 
952 |a SNK  |b SNK  |y PREZ  |7 0  |p 17A1189659  |o snkSE 2231 D1  |i snkF 1831/81  |8 5  |3 rekatalogizácia   |0 0  |1 0  |4 0  |d 2018-03-24  |l 0  |r 2026-02-23 13:00:51  |w 2026-02-23 
952 |a SNK  |b SNK  |y PREZ  |7 0  |p 17A1189594  |o snkSE 2231 D2  |i snkF 785/76  |8 5  |3 rekatalogizácia   |0 0  |1 0  |4 0  |d 2018-03-24  |l 0  |r 2026-02-23 13:00:51  |w 2026-02-23 
952 |a SNK  |b SNK  |y PREZ  |7 0  |p 17A1189592  |o snkSE 2231 D3  |i snk2022/10293  |8 5  |3 rekatalogizácia   |0 0  |1 0  |4 0  |d 2018-03-24  |l 0  |r 2026-02-23 13:00:51  |w 2026-02-23 
952 |a SNK  |b SNK  |y PREZ  |7 0  |p 17A1189663  |o snkSE 2231 D4  |i snkF 3060/66  |8 5  |3 rekatalogizácia   |0 0  |1 0  |4 0  |d 2018-03-24  |l 0  |r 2026-02-23 13:00:51  |w 2026-02-23 
952 |a SNK  |b SNK  |y PREZ  |7 0  |p 17A1189660  |o snkSE 2231 D5  |i snkF 3548/67  |8 5  |3 rekatalogizácia   |0 0  |1 0  |4 0  |d 2018-03-24  |l 0  |r 2026-02-23 13:00:51  |w 2026-02-23